000 00217nam a22000977a 4500
999 _c260957
_d260956
020 _a9780545808286
100 _aRussell Julian
245 _aTen Shiny Snowflakes
260 _aNew York
_bScholastic
_c2012
942 _cBK